00636nam a2200229 a 4500001001300000003000900013005001700022008004100039020000900080082001600089100001600105245001800121260004500139300000800184500003500192650001600227700001600243902000800259942000700267952011500274999001700389nice12345678IN_TiNIC20260116014453.0070411s2005 newa grp 000 0 eng  ac1500a344.01bMAT aMathew, P D aWorkers Right aNew DelhibIndian Social Institutec2005 a30p aincludes index and biblioraphy aLaboure Law1 aMathew, P D bSRS cBK 001040708StackRoom-aHMIbHMId2007-04-11g15.00l0o344.01 MATp021716r2007-04-11v15.00w2007-04-11yBK c15496d15496